00996nam a2200241 i 4500001000300000100001500003245020100018250003400219260003500253300002800288490003100316504003600347650008400383700002800467700002600495830003100521020001500552040000800567041000800575080003200583008004100615856009800656bg1 aDYREKTYWA,00aVI Dyrektywa VAT :bkomentarz do Dyrektyw Rady Unii Europejskiej dotyczących wspólnego systemu podatku od wartości dodanej /cpod red. Krzysztofa Sachsa ; aut. Agnieszka Blachowicz [et al.]. aStan prawny styczeń 2003 r. aWarszawa :bC. H. Beck,c2004. aXXIX, 1020 s. ;c23 cm.1 aPodatkowe Komentarze Becka aWykaz aktów prawnych. Indeks. 9aPodatek od towarów i usługxprawo wspólnotowe europejskieystan na 2003 r.1 aSACHS, Krzysztof.eRed.1 aBLACHOWICZ, Agnieszka aPodatkowe Komentarze Becka a8373870423 cBPK0 apol a336.226.322(4-67)(094.5.07) s pl f |000 0 pol  uhttp://koha.tu.koszalin.pl/cgi-bin/koha/opac-detail.pl?biblionumber=45604yKatalog online BPK